Statystyki dla [NIEAKTUALIZOWANE] Najpopularniejsze utwory Szpaka [27.06.2022]

Kliknij tutaj aby rozwiązać quiz!

Ogólne statystyki

  • Ten quiz został rozwiązany 44 razy
    (23 od ostatniego zresetowania)
  • Średni wynik to 10 z 20

Statystyki odpowiedzi

OdtworzeniaNazwa% Poprawnych
26,2 mlnHinata
90%
18,3 mlnUFO
80%
8,1 mlnAlicja
75%
16 mlnMINIMINI
75%
8,3 mlnBajka
70%
5,1 mlnMateusz
65%
15,9 mlnOddajemy krew wampirom
65%
9 mlnJa YETI
60%
12 mlnW krainie czarów
60%
7 mlnZombie
60%
5,9 mlnRóżowa Pantera
55%
7,9 mlnSzlam
55%
6,2 mlnLavender Town
50%
5,5 mlnNieważne
40%
5,4 mlnMłody 2Pac
30%
20,6 mln#Hot16Challenge2
25%
9,3 mlnKochaj Mnie
25%
6,7 mlnŻółwie Ninja
25%
6,6 mlnZły
20%
7,3 mlnNoc Polarna
15%

Rozkład punktacji

Percentyl według liczby udzielonych odpowiedzi

Procent ludzi z każdym wynikiem

Twoja historia wyników

Nie rozwiązałeś tego quizu od ostatniego zresetowania